[Event "Bodensee op"]
[Site "Bregenz"]
[Date "2023.05.19"]
[Round "7"]
[White "Kanonier, Clemens"]
[Black "Legde, Georg"]
[Result "1/2-1/2"]
[WhiteElo "2109"]
[BlackElo "2344"]
[PlyCount "71"]
[EventDate "2023.05.13"]
[EventType "swiss"]
[EventRounds "9"]
[EventCountry "AUT"]
[SourceTitle "CBM 215 Extra"]
[Source "ChessBase"]
[SourceDate "2023.09.30"]
[SourceVersion "1"]
[SourceVersionDate "2023.09.30"]
[SourceQuality "1"]

1. e4 c5 2. Nf3 e6 3. d4 cxd4 4. Nxd4 a6 5. Bd3 Bc5 6. Nb3 Be7 7. 0-0 Nc6 8. Re1 d6 9. f4 e5 10. Nc3 Nf6 11. Nd5 0-0 12. Qf3 exf4 13. Bxf4 Nxd5 14. exd5 Nb4 15. Bxh7+ Kxh7 16. Qe4+ Kg8 17. Qxb4 a5 18. Qd2 Bf6 19. c4 Qb6+ 20. Qf2 Qxf2+ 21. Kxf2 a4 22. Nd2 a3 23. b3 Bxa1 24. Rxa1 Rd8 25. Ne4 Ra6 26. Re1 Kf8 27. Nc3 Bd7 28. Re4 Bf5 29. Rd4 Ke7 30. h3 Rc8 31. Bd2 Bd7 32. Re4+ Kf8 33. Rh4 Ke7 34. Rh7 Kf6 35. Rh4 Ke7 36. Rh7 1/2-1/2

[Event "AUT-chT2W 1718"]
[Site "Austria"]
[Date "2018.03.11"]
[Round "11.4"]
[White "Hoellrigl, Wilfried"]
[Black "Kanonier, Clemens"]
[Result "0-1"]
[WhiteElo "2204"]
[BlackElo "2169"]
[PlyCount "94"]
[EventDate "2017.10.13"]
[EventType "team-tourn"]
[EventRounds "11"]
[EventCountry "AUT"]
[SourceTitle "EXT 2019"]
[Source "ChessBase"]
[SourceDate "2018.10.10"]
[SourceVersion "1"]
[SourceVersionDate "2018.10.10"]
[SourceQuality "1"]
[WhiteTeam "Jenbach II"]
[BlackTeam "Dornbirn"]
[WhiteTeamCountry "AUT"]
[BlackTeamCountry "AUT"]

1. e4 e5 2. Nf3 Nc6 3. Bb5 a6 4. Bxc6 dxc6 5. 0-0 Qd6 6. d3 c5 7. Nbd2 f6 8. Nc4 Qe6 9. Be3 Bd6 10. Qe2 Ne7 11. c3 Bd7 12. Rfe1 Bb5 13. a4 Bd7 14. d4 cxd4 15. cxd4 0-0 16. Bd2 Ng6 17. h3 b5 18. d5 Qe7 19. Nxd6 cxd6 20. a5 f5 21. exf5 Rxf5 22. Nd4 Rf7 23. Qh5 Nf4 24. Bxf4 Rxf4 25. Ne2 Rf5 26. Qg4 Rxf2 27. Qg3 Rf6 28. Rac1 Rg6 29. Qe3 Qh4 30. Kh2 Rf8 31. Rf1 Rgf6 32. Rxf6 Qxf6 33. Rc7 Be8 34. Qb6 Qf2 35. Ng3 h5 36. Qxf2 Rxf2 37. Rc8 Rf8 38. Rd8 h4 39. Ne2 Bh5 40. Rxf8+ Kxf8 41. Nc3 Ke7 42. b4 Bg6 43. Kg1 Kf6 44. Kf2 e4 45. Ke3 Ke5 46. Ne2 Bf7 47. Nf4 g5 0-1

[Event "AUT-chT2W 1718"]
[Site "Austria"]
[Date "2018.03.09"]
[Round "9.1"]
[White "Kanonier, Clemens"]
[Black "Pogan, Nikolas"]
[Result "0-1"]
[WhiteElo "2169"]
[BlackElo "2261"]
[PlyCount "54"]
[EventDate "2017.10.13"]
[EventType "team-tourn"]
[EventRounds "11"]
[EventCountry "AUT"]
[SourceTitle "EXT 2019"]
[Source "ChessBase"]
[SourceDate "2018.10.10"]
[SourceVersion "1"]
[SourceVersionDate "2018.10.10"]
[SourceQuality "1"]
[WhiteTeam "Dornbirn"]
[BlackTeam "Rochade Rum"]
[WhiteTeamCountry "AUT"]
[BlackTeamCountry "AUT"]

1. e4 d6 2. d4 Nf6 3. Nc3 e5 4. Nf3 Nbd7 5. g4 Nxg4 6. Rg1 Ngf6 7. Bc4 h6 8. Be3 c6 9. Qd3 b5 10. Bb3 Qa5 11. Bd2 Qc7 12. a4 b4 13. Ne2 a5 14. dxe5 Nc5 15. Qd4 Nxb3 16. cxb3 c5 17. exd6 Bxd6 18. Qe3 Ng4 19. Rxg4 Bxg4 20. e5 Be7 21. Qe4 Bxf3 22. Qxf3 0-0 23. Qg3 Ra6 24. 0-0-0 c4 25. Nd4 Rg6 26. Qe3 cxb3+ 27. Kb1 Bc5 0-1

[Event "AUT-chT2W 1314"]
[Site "Austria"]
[Date "2014.03.09"]
[Round "11.3"]
[White "Kanonier, Clemens"]
[Black "Lins, Philipp"]
[Result "1-0"]
[WhiteElo "2099"]
[BlackElo "2093"]
[PlyCount "109"]
[EventDate "2013.10.18"]
[EventType "team-tourn"]
[EventRounds "11"]
[EventCountry "AUT"]
[SourceTitle "EXT 2015"]
[Source "ChessBase"]
[SourceDate "2014.11.20"]
[SourceVersion "1"]
[SourceVersionDate "2014.11.20"]
[SourceQuality "1"]
[WhiteTeam "Dornbirn"]
[BlackTeam "Pradl"]
[WhiteTeamCountry "AUT"]
[BlackTeamCountry "AUT"]

1. e4 d6 2. d4 Nf6 3. Nc3 c6 4. h3 Nbd7 5. g4 h6 6. Bg2 e5 7. Nge2 b5 8. Ng3 Qc7 9. Nce2 Bb7 10. c3 Nb6 11. 0-0 c5 12. f4 0-0-0 13. fxe5 dxe5 14. d5 Ne8 15. b3 Nd6 16. Nf5 g6 17. Nxd6+ Bxd6 18. Rf6 Qe7 19. Qf1 Rdf8 20. Be3 Nd7 21. Rf3 Nb6 22. Ng3 b4 23. Qc1 Kb8 24. Bxh6 Rc8 25. Bg7 Rhg8 26. Bf6 Qe8 27. c4 Nd7 28. Qf1 Rc7 29. Bg5 Rg7 30. Qd3 Nf8 31. a3 Nh7 32. Bh6 Rg8 33. Be3 a5 34. axb4 axb4 35. Rf2 Qe7 36. Raf1 Qf8 37. Qd2 Bc8 38. Ra1 Bb7 39. Ra5 Qe7 40. Rf1 Nf8 41. Rfa1 Nd7 42. Qa2 Kc8 43. Qf2 f6 44. Rf1 Rf8 45. Ra2 Kd8 46. Qe1 Rc8 47. Ne2 Kc7 48. Qg3 g5 49. Qf2 Ra8 50. Rb2 Bc8 51. Ng3 Nb6 52. Ra2 Rxa2 53. Qxa2 Bb7 54. Nf5 Qd7 55. Qf2 1-0

[Event "AUT-chT2W 1314"]
[Site "Austria"]
[Date "2013.10.19"]
[Round "2.4"]
[White "Matt, Fabian"]
[Black "Kanonier, Clemens"]
[Result "1-0"]
[WhiteElo "2222"]
[BlackElo "2099"]
[PlyCount "63"]
[EventDate "2013.10.18"]
[EventType "team-tourn"]
[EventRounds "11"]
[EventCountry "AUT"]
[SourceTitle "EXT 2014"]
[Source "ChessBase"]
[SourceDate "2013.11.20"]
[SourceVersion "1"]
[SourceVersionDate "2013.11.20"]
[SourceQuality "1"]
[WhiteTeam "Bregenz"]
[BlackTeam "Dornbirn"]
[WhiteTeamCountry "AUT"]
[BlackTeamCountry "AUT"]

1. Nf3 d5 2. c4 c6 3. e3 Nf6 4. b3 Bg4 5. Bb2 e6 6. Be2 Nbd7 7. 0-0 Bd6 8. d4 Ne4 9. Nbd2 f5 10. Ne5 Bxe2 11. Qxe2 Nxd2 12. Qxd2 Qh4 13. Rae1 a6 14. f3 Nf6 15. Bc3 Qh6 16. Bb4 Bc7 17. g3 a5 18. Ba3 Nd7 19. Qc3 Nxe5 20. dxe5 Bb6 21. Kg2 Rd8 22. Bd6 g5 23. c5 Ba7 24. Qxa5 Bb8 25. Qb4 Qg7 26. e4 f4 27. exd5 cxd5 28. gxf4 Bxd6 29. exd6 0-0 30. fxg5 Qxg5+ 31. Kh1 Qf6 32. Qg4+ 1-0

[Event "AUT-chT2W 1314"]
[Site "Austria"]
[Date "2013.10.18"]
[Round "1.6"]
[White "Jedinger, Andreas"]
[Black "Kanonier, Clemens"]
[Result "0-1"]
[WhiteElo "2181"]
[BlackElo "2099"]
[PlyCount "76"]
[EventDate "2013.10.18"]
[EventType "team-tourn"]
[EventRounds "11"]
[EventCountry "AUT"]
[SourceTitle "EXT 2014"]
[Source "ChessBase"]
[SourceDate "2013.11.20"]
[SourceVersion "1"]
[SourceVersionDate "2013.11.20"]
[SourceQuality "1"]
[WhiteTeam "Rum Rochade"]
[BlackTeam "Dornbirn"]
[WhiteTeamCountry "AUT"]
[BlackTeamCountry "AUT"]

1. e4 e5 2. Nf3 Nc6 3. Bb5 a6 4. Ba4 Nf6 5. d3 Bc5 6. c3 d6 7. h3 h6 8. Nbd2 Ba7 9. Nf1 b5 10. Bc2 d5 11. Qe2 dxe4 12. dxe4 Be6 13. Ne3 0-0 14. Bd2 Nd7 15. g4 Ne7 16. 0-0-0 c5 17. b3 c4 18. Nf5 Ng6 19. Kb2 Qc7 20. b4 a5 21. a3 Bb6 22. Ra1 Ra6 23. h4 Rfa8 24. h5 Nf4 25. Bxf4 exf4 26. N5d4 Bxg4 27. Qd2 Ne5 28. Nxe5 Qxe5 29. Rhg1 Bxh5 30. Nc6 Qf6 31. Qd7 Bxf2 32. Ne7+ Kh8 33. Nd5 Qe5 34. Rgf1 Bg3 35. Qxb5 Be2 36. Rfc1 f3 37. Bd1 Qxe4 38. Nc7 Bxc7 0-1

[Event "AUT-ch"]
[Site "Feldkirch"]
[Date "2013.07.22"]
[Round "3"]
[White "Schmidlechner, Alexander"]
[Black "Kanonier, Clemens"]
[Result "1-0"]
[WhiteElo "2267"]
[BlackElo "2110"]
[PlyCount "35"]
[EventDate "2013.07.20"]
[EventType "swiss"]
[EventRounds "9"]
[EventCountry "AUT"]
[SourceTitle "CBM 155 Extra"]
[Source "ChessBase"]
[SourceDate "2013.08.26"]
[SourceVersion "1"]
[SourceVersionDate "2013.08.26"]
[SourceQuality "1"]

1. d4 d5 2. c4 c6 3. Nf3 Nf6 4. Nc3 e6 5. e3 Nbd7 6. Qc2 Bd6 7. Bd3 0-0 8. 0-0 b6 9. e4 dxc4 10. Bxc4 e5 11. d5 cxd5 12. Nxd5 Nxd5 13. Bxd5 Rb8 14. Rd1 Qc7 15. Qc6 Nf6 16. Bxf7+ Rxf7 17. Qxd6 Bg4 18. Nxe5 1-0

[Event "AUT-ch"]
[Site "Feldkirch"]
[Date "2013.07.20"]
[Round "1"]
[White "Kummer, Helmut"]
[Black "Kanonier, Clemens"]
[Result "1-0"]
[WhiteElo "2357"]
[BlackElo "2110"]
[PlyCount "63"]
[EventDate "2013.07.20"]
[EventType "swiss"]
[EventRounds "9"]
[EventCountry "AUT"]
[SourceTitle "CBM 155 Extra"]
[Source "ChessBase"]
[SourceDate "2013.08.26"]
[SourceVersion "1"]
[SourceVersionDate "2013.08.26"]
[SourceQuality "1"]

1. d4 d5 2. c4 c6 3. Nf3 Nf6 4. Nc3 e6 5. e3 Nbd7 6. Bd3 dxc4 7. Bxc4 b5 8. Bd3 Bb7 9. e4 a6 10. e5 Nd5 11. Nxd5 cxd5 12. Bd2 Be7 13. 0-0 Qb6 14. Qb3 0-0 15. Bb4 Bxb4 16. Qxb4 f6 17. Rfe1 fxe5 18. Nxe5 Nxe5 19. Rxe5 Rf6 20. g3 Rc8 21. Rae1 a5 22. Qd2 b4 23. Qe3 Rc6 24. f4 g6 25. g4 Bc8 26. h4 Kg7 27. h5 a4 28. hxg6 hxg6 29. Rg5 a3 30. Qe5 Kf7 31. f5 axb2 32. fxg6+ 1-0

[Event "AUT-chT2W 1011"]
[Site "Austria"]
[Date "2011.03.13"]
[Round "11.5"]
[White "Kanonier, Clemens"]
[Black "Kondrak, Christof"]
[Result "1-0"]
[WhiteElo "2122"]
[BlackElo "2147"]
[PlyCount "67"]
[EventDate "2010.10.15"]
[EventType "team-tourn"]
[EventRounds "11"]
[EventCountry "AUT"]
[SourceTitle "EXT 2012"]
[Source "ChessBase"]
[SourceDate "2011.11.24"]
[SourceVersion "1"]
[SourceVersionDate "2011.11.24"]
[SourceQuality "1"]
[WhiteTeam "Dornbirn"]
[BlackTeam "Schwaz"]
[WhiteTeamCountry "AUT"]
[BlackTeamCountry "AUT"]

1. e4 g6 2. d4 Bg7 3. Be3 b6 4. Nd2 Bb7 5. g4 h6 6. Bg2 e6 7. Ne2 Ne7 8. Ng3 d5 9. e5 Nd7 10. f4 c5 11. c3 Qc7 12. 0-0 0-0-0 13. f5 gxf5 14. gxf5 Nxf5 15. Nxf5 exf5 16. Bf4 Qc6 17. Nc4 Nf8 18. Nd6+ Rxd6 19. exd6 Ne6 20. Qh5 cxd4 21. Qxf7 Qd7 22. Qxd7+ Kxd7 23. Bd2 dxc3 24. bxc3 Rf8 25. Rac1 Ba6 26. Rfd1 Bc4 27. Be3 f4 28. Bf2 Kxd6 29. Bxd5 Bxd5 30. c4 Nc7 31. cxd5 Nxd5 32. Rd3 Rf5 33. Rc8 Rf7 34. Rd8+ 1-0

[Event "AUT-chT2W 1011"]
[Site "Austria"]
[Date "2011.01.30"]
[Round "8.5"]
[White "Kanonier, Clemens"]
[Black "Natter, Siegfried"]
[Result "0-1"]
[WhiteElo "2122"]
[BlackElo "2245"]
[PlyCount "62"]
[EventDate "2010.10.15"]
[EventType "team-tourn"]
[EventRounds "11"]
[EventCountry "AUT"]
[SourceTitle "EXT 2012"]
[Source "ChessBase"]
[SourceDate "2011.11.24"]
[SourceVersion "1"]
[SourceVersionDate "2011.11.24"]
[SourceQuality "1"]
[WhiteTeam "Dornbirn"]
[BlackTeam "Absam"]
[WhiteTeamCountry "AUT"]
[BlackTeamCountry "AUT"]

1. e4 c5 2. Nf3 e6 3. d4 cxd4 4. Nxd4 a6 5. Nc3 b5 6. Bd3 Qb6 7. Nb3 Bb7 8. 0-0 d6 9. a4 b4 10. a5 Qc7 11. Na4 Nc6 12. Be3 Nf6 13. Nb6 Rb8 14. f4 Be7 15. Qe2 0-0 16. Nd2 Rbd8 17. Nbc4 Qb8 18. Bb6 d5 19. exd5 Rxd5 20. Ne4 Nd4 21. Qf2 Nf5 22. Nxf6+ Bxf6 23. Rad1 g6 24. Be2 Rc8 25. b3 Ne7 26. Bf3 Rxd1 27. Rxd1 Nd5 28. g3 Be7 29. Kg2 Nxb6 30. Qxb6 Bxf3+ 31. Kxf3 Qa8+ 0-1

[Event "AUT-chT2W 1011"]
[Site "Austria"]
[Date "2011.01.29"]
[Round "7.4"]
[White "Pitschka, Claus"]
[Black "Kanonier, Clemens"]
[Result "1-0"]
[WhiteElo "2272"]
[BlackElo "2122"]
[PlyCount "75"]
[EventDate "2010.10.15"]
[EventType "team-tourn"]
[EventRounds "11"]
[EventCountry "AUT"]
[SourceTitle "EXT 2012"]
[Source "ChessBase"]
[SourceDate "2011.11.24"]
[SourceVersion "1"]
[SourceVersionDate "2011.11.24"]
[SourceQuality "1"]
[WhiteTeam "Kufstein"]
[BlackTeam "Dornbirn"]
[WhiteTeamCountry "AUT"]
[BlackTeamCountry "AUT"]

1. d4 d5 2. c4 e6 3. Nc3 c6 4. e3 Nf6 5. Nf3 Nbd7 6. Bd3 dxc4 7. Bxc4 b5 8. Bd3 a6 9. e4 c5 10. e5 cxd4 11. Nxb5 axb5 12. exf6 gxf6 13. Nxd4 Qb6 14. Nxb5 Bb7 15. Be3 Bb4+ 16. Kf1 Bc5 17. Bxc5 Nxc5 18. Be2 Ke7 19. a4 Rad8 20. Qc2 Rd7 21. f3 Rc8 22. a5 Qd8 23. Qc3 Ke8 24. Na7 Ne4 25. Qe3 Nd2+ 26. Kf2 Nc4 27. Qc3 Bxf3 28. gxf3 Rxa7 29. Bxc4 Rc5 30. b4 Rh5 31. Rac1 Rd7 32. Be2 Qe7 33. Rhg1 Qd6 34. Rg2 Qf4 35. Kg1 Ke7 36. Bf1 Rh4 37. b5 Rh3 38. Qa3+ 1-0

[Event "AUT-chT2W 0809"]
[Site "Austria"]
[Date "2009.03.08"]
[Round "11.4"]
[White "Kanonier, Clemens"]
[Black "Scheiblmaier, Robert"]
[Result "1/2-1/2"]
[WhiteElo "2077"]
[BlackElo "2133"]
[PlyCount "25"]
[EventDate "2008.10.17"]
[EventType "team-tourn"]
[EventRounds "11"]
[EventCountry "AUT"]
[SourceTitle "EXT 2010"]
[Source "ChessBase"]
[SourceDate "2010.11.25"]
[SourceVersion "1"]
[SourceVersionDate "2010.11.25"]
[SourceQuality "1"]
[WhiteTeam "Dornbirn"]
[BlackTeam "Salzburg"]
[WhiteTeamCountry "AUT"]
[BlackTeamCountry "AUT"]

1. e4 e6 2. d4 d5 3. e5 c5 4. c3 Qb6 5. Nf3 Nc6 6. a3 c4 7. Nbd2 f6 8. exf6 Nxf6 9. b3 cxb3 10. Rb1 Bd6 11. Be2 0-0 12. 0-0 Bd7 13. Rxb3 1/2-1/2

[Event "AUT-chT2W 0708"]
[Site "Austria"]
[Date "2007.11.16"]
[Round "3.2"]
[White "Kanonier, Clemens"]
[Black "Eisenbeiser, Amadeus"]
[Result "0-1"]
[WhiteElo "2104"]
[BlackElo "2319"]
[PlyCount "40"]
[EventDate "2007.10.06"]
[EventType "team"]
[EventRounds "11"]
[EventCountry "AUT"]
[SourceTitle "EXT 2009"]
[Source "ChessBase"]
[SourceDate "2008.11.26"]
[SourceVersion "1"]
[SourceVersionDate "2008.11.26"]
[SourceQuality "1"]
[WhiteTeam "Dornbirn"]
[BlackTeam "Goetzis"]
[WhiteTeamCountry "AUT"]
[BlackTeamCountry "AUT"]

1. e4 c5 2. Nf3 e6 3. Nc3 a6 4. d4 cxd4 5. Nxd4 Qc7 6. Bd3 Nf6 7. Qe2 d6 8. Be3 Nbd7 9. g4 Nc5 10. g5 Nfd7 11. 0-0-0 b5 12. f4 Nxd3+ 13. Rxd3 Nc5 14. f5 b4 15. Nd1 e5 16. Nf3 Nxd3+ 17. Qxd3 Bb7 18. Nf2 0-0-0 19. Ng4 d5 20. Nfxe5 f6 0-1

[Event "AUT-chT2W 0607"]
[Site "Austria"]
[Date "2007.03.03"]
[Round "10.4"]
[White "Schmidt, Georg"]
[Black "Kanonier, Clemens"]
[Result "1-0"]
[WhiteElo "2335"]
[BlackElo "2049"]
[PlyCount "57"]
[EventDate "2006.10.21"]
[EventType "team"]
[EventRounds "11"]
[EventCountry "AUT"]
[SourceTitle "EXT 2008"]
[Source "ChessBase"]
[SourceDate "2007.11.25"]
[SourceVersion "1"]
[SourceVersionDate "2007.11.25"]
[SourceQuality "1"]

1. e4 e5 2. Nf3 Nc6 3. Bb5 a6 4. Ba4 Nf6 5. 0-0 Nxe4 6. d4 b5 7. Bb3 d5 8. dxe5 Be6 9. c3 Bc5 10. Nbd2 Nxf2 11. Rxf2 0-0 12. Nf1 Bxf2+ 13. Kxf2 f6 14. exf6 Qxf6 15. Bxd5 Bxd5 16. Qxd5+ Kh8 17. Bg5 Qg6 18. Re1 Rf5 19. Qe6 Qxg5 20. Qxc6 Raf8 21. Qxc7 Qf6 22. Re3 g5 23. Ng3 Rd5 24. Nh5 Qg6 25. g4 Rd2+ 26. Kg3 Rxb2 27. Qe5+ Kg8 28. Qd5+ Kh8 29. Ne5 1-0

[Event "AUT-chT2W 0607"]
[Site "Austria"]
[Date "2006.12.03"]
[Round "5"]
[White "Kanonier, Clemens"]
[Black "Hengl, Christian"]
[Result "0-1"]
[WhiteElo "2094"]
[BlackElo "2224"]
[PlyCount "84"]
[EventDate "2006.10.21"]
[EventType "team"]
[EventRounds "11"]
[EventCountry "AUT"]
[SourceTitle "CBM 115 Extra"]
[Source "ChessBase"]
[SourceDate "2007.01.10"]
[SourceVersion "1"]
[SourceVersionDate "2007.01.10"]
[SourceQuality "1"]

1. d4 d6 2. e4 g6 3. a3 Bg7 4. f4 Nd7 5. Nf3 c5 6. Bc4 e6 7. c3 a6 8. 0-0 b5 9. Bd3 Qb6 10. Be3 Bb7 11. Nbd2 Ngf6 12. Kh1 0-0 13. Qe1 Ng4 14. Bg1 Rfe8 15. h3 Nh6 16. Qh4 f5 17. dxc5 dxc5 18. e5 Nf7 19. Rad1 Qd8 20. Qg3 Qe7 21. h4 Rad8 22. Be2 Kh8 23. c4 b4 24. axb4 cxb4 25. Nb3 Rg8 26. c5 Bd5 27. Rxd5 exd5 28. Nfd4 Nxc5 29. Nxc5 Qxc5 30. Ne6 Qc2 31. Nxd8 Nxd8 32. Qd3 Qxb2 33. Bd4 Qa3 34. Qxa3 bxa3 35. Bxa6 Ne6 36. Ba1 Rb8 37. g3 Nc5 38. Be2 a2 39. Kg2 Rb1 40. Rd1 Kg8 41. Rxd5 Rxa1 42. Bc4 Kf8 0-1

[Event "AUT-chT2W 0506"]
[Site "Austria"]
[Date "2005.12.03"]
[Round "4"]
[White "Kanonier, Clemens"]
[Black "Gaertner, Guntram"]
[Result "0-1"]
[WhiteElo "2100"]
[BlackElo "2352"]
[PlyCount "60"]
[EventDate "2005.10.08"]
[EventType "team"]
[EventRounds "11"]
[EventCountry "AUT"]
[SourceTitle "EXT 2007"]
[Source "ChessBase"]
[SourceDate "2006.11.23"]
[SourceVersion "1"]
[SourceVersionDate "2006.11.23"]
[SourceQuality "1"]
[WhiteTeam "Lochau"]
[BlackTeam "Hohenems II"]
[WhiteTeamCountry "AUT"]
[BlackTeamCountry "AUT"]

1. d4 Nf6 2. c4 e6 3. Nc3 Bb4 4. Qc2 c5 5. dxc5 0-0 6. a3 Bxc5 7. Nf3 Nc6 8. b4 Be7 9. e4 d6 10. Bd3 a5 11. b5 Ne5 12. Nxe5 dxe5 13. 0-0 b6 14. Bb2 Bb7 15. h3 Qc7 16. Qe2 Bc5 17. Kh1 Bd4 18. Rad1 Rfd8 19. f4 exf4 20. Nd5 exd5 21. Bxd4 dxe4 22. Bxf6 Rxd3 23. Rxd3 f3 24. gxf3 exd3 25. Qg2 g6 26. Qg5 Qd6 27. Be5 Qe6 28. Kh2 Re8 29. f4 f6 30. Qh6 d2 0-1

[Event "AUT-chT2W 0506"]
[Site "Austria"]
[Date "2005.10.09"]
[Round "2.3"]
[White "Juergens, Klaus"]
[Black "Kanonier, Clemens"]
[Result "1/2-1/2"]
[WhiteElo "2183"]
[BlackElo "2100"]
[PlyCount "144"]
[EventDate "2005.10.08"]
[EventType "team"]
[EventRounds "11"]
[EventCountry "AUT"]
[SourceTitle "EXT 2006"]
[Source "ChessBase"]
[SourceDate "2005.11.24"]
[SourceVersion "1"]
[SourceVersionDate "2005.11.24"]
[SourceQuality "1"]
[WhiteTeam "Salzburg"]
[BlackTeam "Lochau"]
[WhiteTeamCountry "AUT"]
[BlackTeamCountry "AUT"]

1. Nf3 d5 2. c4 c6 3. g3 Nf6 4. Bg2 g6 5. d4 Bg7 6. cxd5 cxd5 7. Ne5 0-0 8. Nc3 Nc6 9. Nxc6 bxc6 10. 0-0 e5 11. dxe5 Ng4 12. b3 Ba6 13. Bb2 Nxe5 14. Rc1 Re8 15. Na4 Bb5 16. Nc3 Ba6 17. Qd2 Nd7 18. Rfe1 Rc8 19. Na4 Bxb2 20. Qxb2 Qf6 21. Qxf6 Nxf6 22. Rc2 Bd3 23. Rd2 Be4 24. Bh3 Rcd8 25. Rc1 Rd6 26. Nc5 Bf5 27. Bxf5 gxf5 28. f3 f4 29. gxf4 Kh8 30. Kf2 Nh5 31. e3 Rh6 32. Rg1 Ng7 33. Rg2 Nf5 34. e4 Nh4 35. Rg3 Ng6 36. Ke3 f5 37. e5 Rh4 38. Nd3 c5 39. Nxc5 Nxf4 40. Nd7 Ng6 41. Rgg2 Nxe5 42. Nxe5 Rxe5+ 43. Kd3 Rf4 44. Rg3 h5 45. Rdg2 Re7 46. Rh3 h4 47. Rg5 a5 48. Rh5+ Rh7 49. Ke3 Rxf3+ 50. Kxf3 Rxh5 51. Kf4 a4 52. bxa4 Kg7 53. Rd3 h3 54. Ra3 Kf6 55. a5 Rh4+ 56. Kf3 Ke5 57. a6 Rh8 58. a7 Ra8 59. Ra4 f4 60. a3 Kd6 61. Kxf4 Kc6 62. Kg3 Kb5 63. Rb4+ Kc6 64. Kxh3 Rxa7 65. Rb3 Kc5 66. Kg2 Kc4 67. Rg3 d4 68. Kf2 d3 69. Ke1 Rxa3 70. Rg8 Ra1+ 71. Kd2 Ra2+ 72. Kd1 Rxh2 1/2-1/2

[Event "Zuerich op-A 28th"]
[Site "Zuerich"]
[Date "2004.12.??"]
[Round "5"]
[White "Cavaletto, Massimo"]
[Black "Kanonier, Clemens"]
[Result "1-0"]
[WhiteElo "2168"]
[BlackElo "2003"]
[PlyCount "61"]
[EventDate "2004.12.26"]
[EventType "swiss"]
[EventRounds "9"]
[EventCountry "SUI"]
[SourceTitle "EXT 2006"]
[Source "ChessBase"]
[SourceDate "2005.11.24"]
[SourceVersion "1"]
[SourceVersionDate "2005.11.24"]
[SourceQuality "1"]

1. Nf3 d5 2. d4 Nf6 3. e3 e6 4. Bd3 Be7 5. 0-0 0-0 6. b3 c5 7. Bb2 Nc6 8. Ne5 Nxe5 9. dxe5 Nd7 10. Nd2 a6 11. a4 b6 12. Qh5 g6 13. Qh6 Bg5 14. Qh3 d4 15. f4 dxe3 16. Ne4 Be7 17. Qxe3 Bb7 18. Rad1 Bxe4 19. Bxe4 Ra7 20. Qh3 Qc7 21. f5 exf5 22. Rxf5 c4 23. Rh5 Bc5+ 24. Kh1 gxh5 25. Qf5 Re8 26. Qxh7+ Kf8 27. Qh6+ Ke7 28. e6 Ne5 29. Qg5+ f6 30. Qg7+ Kxe6 31. Bd5+ 1-0

[Event "Zuerich op-A 28th"]
[Site "Zuerich"]
[Date "2004.12.??"]
[Round "6"]
[White "Kanonier, Clemens"]
[Black "Niehaus, Frank"]
[Result "1-0"]
[WhiteElo "2003"]
[BlackElo "2185"]
[PlyCount "37"]
[EventDate "2004.12.26"]
[EventType "swiss"]
[EventRounds "9"]
[EventCountry "SUI"]
[SourceTitle "EXT 2006"]
[Source "ChessBase"]
[SourceDate "2005.11.24"]
[SourceVersion "1"]
[SourceVersionDate "2005.11.24"]
[SourceQuality "1"]

1. e4 c5 2. c3 Nf6 3. e5 Nd5 4. d4 cxd4 5. cxd4 d6 6. exd6 Qxd6 7. Nf3 Nc6 8. Be2 Bf5 9. 0-0 Rd8 10. Nc3 Ndb4 11. Be3 e6 12. a3 Nc2 13. Rc1 Nxe3 14. fxe3 Be7 15. Qb3 b6 16. Nb5 Qd7 17. Rxc6 Qxc6 18. Ne5 Bc2 19. Qa2 1-0

[Event "AUT-chT3 9798"]
[Site "Vorarlberg "]
[Date "1998.01.09"]
[Round "6"]
[White "Kanonier, Clemens"]
[Black "Haemmerle, Gernot"]
[Result "1/2-1/2"]
[WhiteElo "2000"]
[BlackElo "1870"]
[PlyCount "82"]
[EventDate "1997.??.??"]
[EventType "team-tourn"]
[EventRounds "9"]
[EventCountry "AUT"]
[SourceTitle "EXT 1999"]
[Source "ChessBase"]
[SourceDate "1998.11.16"]
[SourceVersion "1"]
[SourceVersionDate "1998.11.16"]
[SourceQuality "1"]

1. e4 c5 2. d4 cxd4 3. c3 dxc3 4. Nxc3 d6 5. Bc4 Nf6 6. Nf3 e6 7. 0-0 Be7 8. Qe2 0-0 9. Rd1 Qa5 10. Nb5 Ne8 11. b4 Qd8 12. Bf4 Nc6 13. Nxd6 Nxd6 14. e5 Nxc4 15. Rxd8 Rxd8 16. Qxc4 Bxb4 17. h3 h6 18. g4 Be7 19. Qc2 Nb4 20. Qe4 Nd5 21. g5 Nxf4 22. Qxf4 hxg5 23. Nxg5 Bxg5 24. Qxg5 Rd5 25. Re1 Bd7 26. Kh2 f6 27. Qg3 Rxe5 28. Rxe5 fxe5 29. Qxe5 Re8 30. h4 Bc6 31. h5 Kf7 32. Kg3 Rh8 33. Qf4+ Ke7 34. Qg5+ Kf7 35. Qg6+ Kf8 36. Qxe6 Rxh5 37. Qd6+ Kf7 38. Qc7+ Kg6 39. f4 Rf5 40. Kg4 a6 41. Qe7 Rf6 1/2-1/2

[Event "AUT-chT 9596"]
[Site "Vorarlberg"]
[Date "1996.??.??"]
[Round "5"]
[White "Welsh, Michael"]
[Black "Kanonier, Clemens"]
[Result "0-1"]
[WhiteElo "2200"]
[BlackElo "1975"]
[PlyCount "108"]
[EventDate "1995.??.??"]
[EventType "team"]
[EventRounds "9"]
[EventCountry "AUT"]
[SourceTitle "EXT 1999"]
[Source "ChessBase"]
[SourceDate "1998.11.16"]
[SourceVersion "1"]
[SourceVersionDate "1998.11.16"]
[SourceQuality "1"]

1. e4 e5 2. Nf3 Nc6 3. d4 exd4 4. Nxd4 Bc5 5. Nxc6 bxc6 6. Bc4 Qh4 7. 0-0 Nf6 8. g3 Qh3 9. Qf3 0-0 10. Nc3 Ng4 11. Qg2 Qxg2+ 12. Kxg2 Ne5 13. Bb3 Ba6 14. Rd1 d6 15. Na4 Be2 16. Re1 Bf3+ 17. Kf1 Bb4 18. c3 Ba5 19. Bc2 Rfe8 20. Bf4 Nc4 21. b3 Na3 22. Bd3 Nb5 23. Re3 Bh5 24. b4 Bb6 25. Nxb6 axb6 26. Bc4 Na3 27. Bb3 c5 28. bxc5 bxc5 29. c4 f6 30. f3 g5 31. Bxd6 cxd6 32. g4 Bf7 33. Rc3 Kg7 34. Rd1 Ra6 35. Ke2 h5 36. h3 hxg4 37. hxg4 Rh8 38. Kd2 Rh2+ 39. Kc1 Kf8 40. Rd2 Rxd2 41. Kxd2 Nb1+ 42. Kc2 Nxc3 43. Kxc3 Ke7 44. Kd3 Be8 45. Ke3 Ra3 46. f4 Ba4 47. e5 gxf4+ 48. Ke4 fxe5 49. g5 Bxb3 50. g6 Bxc4 51. g7 Be6 52. g8Q Bxg8 53. Kf5 Rg3 54. a4 Bh7# 0-1